ひとり街宣が行われた駅 - Statistics

General Stats
  • This quiz has been taken 18 times
  • The average score is 909 of 1370
Answer Stats
路線 所在自治体 % Correct
JR東日本 総武本線 本八幡 市川市
100%
東京都 10号線新宿線 本八幡 市川市
100%
JR東日本 東海道本線 東京 千代田区
93%
JR東日本 東海道本線 有楽町 千代田区
93%
JR東日本 東海道本線 新橋 港区
93%
JR東日本 東海道本線 浜松町 港区
93%
JR東日本 東海道本線 田町 港区
93%
JR東日本 東海道本線 高輪ゲートウェイ 港区
93%
JR東日本 東海道本線 品川 港区
93%
JR東日本 東海道本線 大井町 品川区
93%
JR東日本 東海道本線 蒲田 大田区
93%
JR東日本 東海道本線 川崎 川崎市川崎区
93%
JR東日本 東海道本線 横浜 横浜市西区
93%
JR東日本 東海道本線 大船 鎌倉市
93%
JR東日本 東海道本線 藤沢 藤沢市
93%
JR東日本 東海道本線 小田原 小田原市
93%
JR東日本 東海道本線 湯河原 湯河原町
93%
JR東日本 東海道本線 熱海 熱海市
93%
JR東日本 東海道本線 西大井 品川区
93%
JR東日本 東海道本線 武蔵小杉 川崎市中原区
93%
JR東日本 山手線 品川 港区
93%
JR東日本 山手線 大崎 品川区
93%
JR東日本 山手線 五反田 品川区
93%
JR東日本 山手線 目黒 品川区
93%
JR東日本 山手線 恵比寿 渋谷区
93%
JR東日本 山手線 渋谷 渋谷区
93%
JR東日本 山手線 原宿 渋谷区
93%
JR東日本 山手線 代々木 渋谷区
93%
JR東日本 山手線 新宿 新宿区
93%
JR東日本 山手線 新大久保 新宿区
93%
JR東日本 山手線 高田馬場 新宿区
93%
JR東日本 山手線 目白 豊島区
93%
JR東日本 山手線 池袋 豊島区
93%
JR東日本 山手線 大塚 豊島区
93%
JR東日本 山手線 巣鴨 豊島区
93%
JR東日本 山手線 駒込 豊島区
93%
JR東日本 山手線 田端 北区
93%
JR東日本 赤羽線 池袋 豊島区
93%
JR東日本 赤羽線 板橋 北区
93%
JR東日本 赤羽線 十条 北区
93%
JR東日本 赤羽線 赤羽 北区
93%
JR東日本 南武線 川崎 川崎市川崎区
93%
JR東日本 南武線 武蔵小杉 川崎市中原区
93%
JR東日本 南武線 登戸 川崎市多摩区
93%
JR東日本 南武線 稲城長沼 稲城市
93%
JR東日本 南武線 立川 立川市
93%
JR東日本 武蔵野線 西国分寺 国分寺市
93%
JR東日本 横浜線 新横浜 横浜市港北区
93%
JR東日本 横浜線 橋本 相模原市緑区
93%
JR東日本 横浜線 八王子 八王子市
93%
JR東日本 根岸線 横浜 横浜市西区
93%
JR東日本 根岸線 桜木町 横浜市中区
93%
JR東日本 根岸線 大船 鎌倉市
93%
JR東日本 横須賀線 大船 鎌倉市
93%
JR東日本 横須賀線 鎌倉 鎌倉市
93%
JR東日本 横須賀線 横須賀 横須賀市
93%
JR東日本 相模線 厚木 海老名市
93%
JR東日本 相模線 海老名 海老名市
93%
JR東日本 相模線 橋本 相模原市緑区
93%
JR東日本 伊東線 熱海 熱海市
93%
JR東日本 中央本線 神田 千代田区
93%
JR東日本 中央本線 御茶ノ水 千代田区
93%
JR東日本 中央本線 水道橋 千代田区
93%
JR東日本 中央本線 四ツ谷 新宿区
93%
JR東日本 中央本線 信濃町 新宿区
93%
JR東日本 中央本線 千駄ケ谷 渋谷区
93%
JR東日本 中央本線 代々木 渋谷区
93%
JR東日本 中央本線 新宿 新宿区
93%
JR東日本 中央本線 大久保 新宿区
93%
JR東日本 中央本線 東中野 中野区
93%
JR東日本 中央本線 中野 中野区
93%
JR東日本 中央本線 高円寺 杉並区
93%
JR東日本 中央本線 阿佐ケ谷 杉並区
93%
JR東日本 中央本線 荻窪 杉並区
93%
JR東日本 中央本線 西荻窪 杉並区
93%
JR東日本 中央本線 吉祥寺 武蔵野市
93%
JR東日本 中央本線 三鷹 三鷹市
93%
JR東日本 中央本線 武蔵境 武蔵野市
93%
JR東日本 中央本線 武蔵小金井 小金井市
93%
JR東日本 中央本線 国分寺 国分寺市
93%
JR東日本 中央本線 西国分寺 国分寺市
93%
JR東日本 中央本線 国立 国立市
93%
JR東日本 中央本線 立川 立川市
93%
JR東日本 中央本線 日野 日野市
93%
JR東日本 中央本線 豊田 日野市
93%
JR東日本 中央本線 八王子 八王子市
93%
JR東日本 中央本線 高尾 八王子市
93%
JR東日本 中央本線 甲府 甲府市
93%
JR東日本 青梅線 立川 立川市
93%
JR東日本 八高線 八王子 八王子市
93%
JR東日本 東北本線 東京 千代田区
93%
JR東日本 東北本線 神田 千代田区
93%
JR東日本 東北本線 秋葉原 千代田区
93%
JR東日本 東北本線 御徒町 台東区
93%
JR東日本 東北本線 上野 台東区
93%
JR東日本 東北本線 鶯谷 台東区
93%
JR東日本 東北本線 日暮里 荒川区
93%
JR東日本 東北本線 西日暮里 荒川区
93%
JR東日本 東北本線 田端 北区
93%
JR東日本 東北本線 上中里 北区
93%
JR東日本 東北本線 王子 北区
93%
JR東日本 東北本線 東十条 北区
93%
JR東日本 東北本線 赤羽 北区
93%
JR東日本 東北本線 浦和 さいたま市浦和区
93%
JR東日本 東北本線 与野 さいたま市浦和区
93%
JR東日本 東北本線 さいたま新都心 さいたま市大宮区
93%
JR東日本 東北本線 大宮 さいたま市大宮区
93%
JR東日本 東北本線 古河 古河市
93%
JR東日本 東北本線 宇都宮 宇都宮市
93%
JR東日本 東北新幹線 東京 千代田区
93%
JR東日本 東北新幹線 上野 台東区
93%
JR東日本 東北新幹線 大宮 さいたま市大宮区
93%
JR東日本 東北新幹線 宇都宮 宇都宮市
93%
JR東日本 常磐線 日暮里 荒川区
93%
JR東日本 常磐線 三河島 荒川区
93%
JR東日本 常磐線 南千住 荒川区
93%
JR東日本 常磐線 北千住 足立区
93%
JR東日本 常磐線 綾瀬 足立区
93%
JR東日本 常磐線 金町 葛飾区
93%
JR東日本 常磐線 松戸 松戸市
93%
JR東日本 常磐線 柏市
93%
JR東日本 常磐線 土浦 土浦市
93%
JR東日本 常磐線 水戸 水戸市
93%
JR東日本 常磐線 いわき いわき市
93%
JR東日本 水郡線 水戸 水戸市
93%
JR東日本 川越線 大宮 さいたま市大宮区
93%
JR東日本 川越線 川越 川越市
93%
JR東日本 高崎線 大宮 さいたま市大宮区
93%
JR東日本 高崎線 熊谷 熊谷市
93%
JR東日本 高崎線 高崎 高崎市
93%
JR東日本 上越線 高崎 高崎市
93%
JR東日本 上越新幹線 大宮 さいたま市大宮区
93%
JR東日本 上越新幹線 熊谷 熊谷市
93%
JR東日本 上越新幹線 高崎 高崎市
93%
JR東日本 両毛線 栃木 栃木市
93%
JR東日本 日光線 宇都宮 宇都宮市
93%
JR東日本 磐越東線 いわき いわき市
93%
JR東日本 信越本線 高崎 高崎市
93%
JR東日本 北陸新幹線 高崎 高崎市
93%
JR東日本 総武本線 東京 千代田区
93%
JR東日本 総武本線 新日本橋 中央区
93%
JR東日本 総武本線 馬喰町 中央区
93%
JR東日本 総武本線 錦糸町 墨田区
93%
JR東日本 総武本線 船橋 船橋市
93%
JR東日本 総武本線 千葉 千葉市中央区
93%
JR東日本 総武本線 両国 墨田区
93%
JR東日本 総武本線 秋葉原 千代田区
93%
JR東日本 総武本線 御茶ノ水 千代田区
93%
JR東日本 京葉線 東京 千代田区
93%
JR東日本 京葉線 八丁堀 中央区
93%
JR東日本 京葉線 越中島 江東区
93%
JR東日本 京葉線 葛西臨海公園 江戸川区
93%
JR東日本 京葉線 舞浜 浦安市
93%
JR東日本 外房線 千葉 千葉市中央区
93%
JR東日本 内房線 木更津 木更津市
93%
JR東日本 成田線 成田空港 成田市
93%
JR東日本 久留里線 木更津 木更津市
93%
JR東海 東海道本線 熱海 熱海市
93%
JR東海 東海道本線 富士 富士市
93%
JR東海 東海道本線 浜松 浜松市中央区
93%
JR東海 東海道新幹線 東京 千代田区
93%
JR東海 東海道新幹線 品川 港区
93%
JR東海 東海道新幹線 新横浜 横浜市港北区
93%
JR東海 東海道新幹線 小田原 小田原市
93%
JR東海 東海道新幹線 熱海 熱海市
93%
JR東海 東海道新幹線 浜松 浜松市中央区
93%
JR東海 身延線 富士 富士市
93%
JR東海 身延線 甲府 甲府市
93%
JR東海 飯田線 飯田 飯田市
93%
JR九州 日豊本線 国分 霧島市
93%
東武鉄道 伊勢崎線 北千住 足立区
93%
東武鉄道 日光線 栃木 栃木市
93%
東武鉄道 野田線 大宮 さいたま市大宮区
93%
東武鉄道 野田線 柏市
93%
東武鉄道 野田線 船橋 船橋市
93%
東武鉄道 東上本線 池袋 豊島区
93%
東武鉄道 東上本線 川越 川越市
93%
西武鉄道 池袋線 池袋 豊島区
93%
西武鉄道 新宿線 高田馬場 新宿区
93%
西武鉄道 国分寺線 国分寺 国分寺市
93%
西武鉄道 多摩湖線 国分寺 国分寺市
93%
西武鉄道 多摩川線 武蔵境 武蔵野市
93%
京成電鉄 本線 日暮里 荒川区
93%
京成電鉄 本線 成田空港 成田市
93%
京成電鉄 成田空港線 成田空港 成田市
93%
京王電鉄 京王線 新宿 新宿区
93%
京王電鉄 京王線 府中 府中市
93%
京王電鉄 相模原線 稲城 稲城市
93%
京王電鉄 相模原線 橋本 相模原市緑区
93%
京王電鉄 高尾線 高尾 八王子市
93%
京王電鉄 井の頭線 渋谷 渋谷区
93%
京王電鉄 井の頭線 吉祥寺 武蔵野市
93%
小田急電鉄 小田原線 新宿 新宿区
93%
小田急電鉄 小田原線 登戸 川崎市多摩区
93%
小田急電鉄 小田原線 海老名 海老名市
93%
小田急電鉄 小田原線 厚木 海老名市
93%
小田急電鉄 小田原線 小田原 小田原市
93%
小田急電鉄 江ノ島線 藤沢 藤沢市
93%
東急電鉄 東横線 渋谷 渋谷区
93%
東急電鉄 東横線 武蔵小杉 川崎市中原区
93%
東急電鉄 東横線 横浜 横浜市西区
93%
東急電鉄 目黒線 目黒 品川区
93%
東急電鉄 田園都市線 渋谷 渋谷区
93%
東急電鉄 大井町線 大井町 品川区
93%
東急電鉄 東急多摩川線 蒲田 大田区
93%
東急電鉄 池上線 五反田 品川区
93%
東急電鉄 池上線 蒲田 大田区
93%
東急電鉄 東急新横浜線 新横浜 横浜市港北区
93%
京浜急行電鉄 本線 品川 港区
93%
京浜急行電鉄 本線 横浜 横浜市西区
93%
東京地下鉄 3号線銀座線 上野 台東区
93%
東京地下鉄 3号線銀座線 神田 千代田区
93%
東京地下鉄 3号線銀座線 新橋 港区
93%
東京地下鉄 3号線銀座線 渋谷 渋谷区
93%
東京地下鉄 4号線丸ノ内線 池袋 豊島区
93%
東京地下鉄 4号線丸ノ内線 御茶ノ水 文京区
93%
東京地下鉄 4号線丸ノ内線 東京 千代田区
93%
東京地下鉄 4号線丸ノ内線 四ツ谷 新宿区
93%
東京地下鉄 4号線丸ノ内線 新宿 新宿区
93%
東京地下鉄 4号線丸ノ内線 荻窪 杉並区
93%
東京地下鉄 2号線日比谷線 北千住 足立区
93%
東京地下鉄 2号線日比谷線 南千住 荒川区
93%
東京地下鉄 2号線日比谷線 上野 台東区
93%
東京地下鉄 2号線日比谷線 秋葉原 千代田区
93%
東京地下鉄 2号線日比谷線 八丁堀 中央区
93%
東京地下鉄 2号線日比谷線 恵比寿 渋谷区
93%
東京地下鉄 5号線東西線 中野 中野区
93%
東京地下鉄 5号線東西線 高田馬場 新宿区
93%
東京地下鉄 5号線東西線 飯田橋 千代田区
93%
東京地下鉄 5号線東西線 葛西 江戸川区
93%
東京地下鉄 9号線千代田線 綾瀬 足立区
93%
東京地下鉄 9号線千代田線 北千住 足立区
93%
東京地下鉄 9号線千代田線 西日暮里 荒川区
93%
東京地下鉄 8号線有楽町線 池袋 豊島区
93%
東京地下鉄 8号線有楽町線 飯田橋 新宿区
93%
東京地下鉄 8号線有楽町線 有楽町 千代田区
93%
東京地下鉄 11号線半蔵門線 渋谷 渋谷区
93%
東京地下鉄 11号線半蔵門線 錦糸町 墨田区
93%
東京地下鉄 7号線南北線 目黒 品川区
93%
東京地下鉄 7号線南北線 四ツ谷 新宿区
93%
東京地下鉄 7号線南北線 飯田橋 新宿区
93%
東京地下鉄 7号線南北線 駒込 豊島区
93%
東京地下鉄 7号線南北線 王子 北区
93%
東京地下鉄 13号線副都心線 池袋 豊島区
93%
東京地下鉄 13号線副都心線 渋谷 渋谷区
93%
相模鉄道 本線 横浜 横浜市西区
93%
相模鉄道 本線 海老名 海老名市
93%
相模鉄道 相鉄新横浜線 新横浜 横浜市港北区
93%
鹿島臨海鉄道 大洗鹿島線 水戸 水戸市
93%
上信電鉄 上信線 高崎 高崎市
93%
秩父鉄道 秩父本線 熊谷 熊谷市
93%
埼玉新都市交通 伊奈線 大宮 さいたま市大宮区
93%
新京成電鉄 新京成線 松戸 松戸市
93%
千葉都市モノレール 2号線 千葉 千葉市中央区
93%
千葉都市モノレール 1号線 千葉 千葉市中央区
93%
東京都 1号線浅草線 五反田 品川区
93%
東京都 1号線浅草線 新橋 港区
93%
東京都 6号線三田線 目黒 品川区
93%
東京都 6号線三田線 水道橋 文京区
93%
東京都 6号線三田線 巣鴨 豊島区
93%
東京都 10号線新宿線 新宿 新宿区
93%
東京都 12号線大江戸線 飯田橋 文京区
93%
東京都 12号線大江戸線 両国 墨田区
93%
東京都 12号線大江戸線 代々木 渋谷区
93%
東京都 12号線大江戸線 新宿 渋谷区
93%
東京都 12号線大江戸線 東中野 中野区
93%
東京都 日暮里・舎人ライナー 日暮里 荒川区
93%
東京都 日暮里・舎人ライナー 西日暮里 荒川区
93%
ゆりかもめ 東京臨海新交通臨海線 新橋 港区
93%
東京臨海高速鉄道 臨海副都心線 大井町 品川区
93%
東京臨海高速鉄道 臨海副都心線 大崎 品川区
93%
首都圏新都市鉄道 常磐新線 秋葉原 千代田区
93%
首都圏新都市鉄道 常磐新線 南千住 荒川区
93%
首都圏新都市鉄道 常磐新線 北千住 足立区
93%
小田急箱根 鉄道線 小田原 小田原市
93%
江ノ島電鉄 江ノ島電鉄線 藤沢 藤沢市
93%
江ノ島電鉄 江ノ島電鉄線 鎌倉 鎌倉市
93%
横浜市 3号線 桜木町 横浜市中区
93%
横浜市 3号線 横浜 横浜市西区
93%
横浜市 3号線 新横浜 横浜市港北区
93%
伊豆箱根鉄道 大雄山線 小田原 小田原市
93%
湘南モノレール 江の島線 大船 鎌倉市
93%
横浜高速鉄道 みなとみらい21線 横浜 横浜市西区
93%
JR北海道 函館本線 函館 函館市
86%
JR北海道 函館本線 札幌 札幌市北区
86%
JR北海道 函館本線 小樽 小樽市
86%
JR北海道 根室本線 根室 根室市
86%
JR北海道 宗谷本線 稚内 稚内市
86%
JR東日本 東海道本線 大森 大田区
86%
JR東日本 南武線 武蔵中原 川崎市中原区
86%
JR東日本 南武線 武蔵溝ノ口 川崎市高津区
86%
JR東日本 南武線 府中本町 府中市
86%
JR東日本 武蔵野線 府中本町 府中市
86%
JR東日本 武蔵野線 新小平 小平市
86%
JR東日本 武蔵野線 新座 新座市
86%
JR東日本 横浜線 町田 町田市
86%
JR東日本 横浜線 八王子みなみ野 八王子市
86%
JR東日本 中央本線 市ケ谷 千代田区
86%
JR東日本 中央本線 東小金井 小金井市
86%
JR東日本 中央本線 西八王子 八王子市
86%
JR東日本 中央本線 茅野 茅野市
86%
JR東日本 中央本線 上諏訪 諏訪市
86%
JR東日本 青梅線 西立川 立川市
86%
JR東日本 青梅線 昭島 昭島市
86%
JR東日本 青梅線 拝島 昭島市
86%
JR東日本 青梅線 福生 福生市
86%
JR東日本 青梅線 青梅 青梅市
86%
JR東日本 青梅線 御嶽 青梅市
86%
JR東日本 青梅線 奥多摩 奥多摩町
86%
JR東日本 五日市線 拝島 昭島市
86%
JR東日本 五日市線 武蔵五日市 あきる野市
86%
JR東日本 八高線 北八王子 八王子市
86%
JR東日本 八高線 拝島 昭島市
86%
JR東日本 八高線 東福生 福生市
86%
JR東日本 東北本線 福島 福島市
86%
JR東日本 東北本線 仙台 仙台市青葉区
86%
JR東日本 東北本線 盛岡 盛岡市
86%
JR東日本 東北本線 尾久 北区
86%
JR東日本 東北新幹線 福島 福島市
86%
JR東日本 東北新幹線 仙台 仙台市青葉区
86%
JR東日本 東北新幹線 盛岡 盛岡市
86%
JR東日本 常磐線 亀有 葛飾区
86%
JR東日本 上越新幹線 長岡 長岡市
86%
JR東日本 上越新幹線 新潟 新潟市中央区
86%
JR東日本 仙山線 仙台 仙台市青葉区
86%
JR東日本 仙石線 仙台 仙台市青葉区
86%
JR東日本 田沢湖線 盛岡 盛岡市
86%
JR東日本 山田線 盛岡 盛岡市
86%
JR東日本 奥羽本線 福島 福島市
86%
JR東日本 白新線 新潟 新潟市中央区
86%
JR東日本 信越本線 長野 長野市
86%
JR東日本 信越本線 長岡 長岡市
86%
JR東日本 信越本線 新潟 新潟市中央区
86%
JR東日本 北陸新幹線 長野 長野市
86%
JR東日本 越後線 新潟 新潟市中央区
86%
JR東日本 総武本線 亀戸 江東区
86%
JR東日本 総武本線 平井 江戸川区
86%
JR東日本 総武本線 新小岩 葛飾区
86%
JR東日本 総武本線 浅草橋 台東区
86%
JR東日本 京葉線 潮見 江東区
86%
JR東日本 京葉線 新木場 江東区
86%
JR東日本 京葉線 海浜幕張 千葉市美浜区
86%
JR東海 東海道本線 三島 三島市
86%
JR東海 東海道本線 沼津 沼津市
86%
JR東海 東海道本線 静岡 静岡市葵区
86%
JR東海 東海道本線 豊橋 豊橋市
86%
JR東海 東海道本線 三河安城 安城市
86%
JR東海 東海道本線 名古屋 名古屋市中村区
86%
JR東海 東海道本線 岐阜 岐阜市
86%
JR東海 東海道新幹線 三島 三島市
86%
JR東海 東海道新幹線 新富士 富士市
86%
JR東海 東海道新幹線 静岡 静岡市葵区
86%
JR東海 東海道新幹線 豊橋 豊橋市
86%
JR東海 東海道新幹線 三河安城 安城市
86%
JR東海 東海道新幹線 名古屋 名古屋市中村区
86%
JR東海 東海道新幹線 京都 京都市下京区
86%
JR東海 東海道新幹線 新大阪 大阪市淀川区
86%
JR東海 御殿場線 沼津 沼津市
86%
JR東海 飯田線 豊橋 豊橋市
86%
JR東海 高山本線 岐阜 岐阜市
86%
JR東海 高山本線 高山 高山市
86%
JR東海 中央本線 多治見 多治見市
86%
JR東海 中央本線 名古屋 名古屋市中村区
86%
JR東海 太多線 多治見 多治見市
86%
JR東海 関西本線 名古屋 名古屋市中村区
86%
JR西日本 東海道本線 京都 京都市下京区
86%
JR西日本 東海道本線 新大阪 大阪市淀川区
86%
JR西日本 山陽新幹線 新大阪 大阪市淀川区
86%
JR西日本 山陰本線 京都 京都市下京区
86%
JR西日本 奈良線 京都 京都市下京区
86%
JR西日本 おおさか東線 新大阪 大阪市淀川区
86%
東武鉄道 伊勢崎線 浅草 台東区
86%
東武鉄道 伊勢崎線 とうきょうスカイツリー 墨田区
86%
東武鉄道 伊勢崎線 押上 墨田区
86%
東武鉄道 伊勢崎線 西新井 足立区
86%
東武鉄道 伊勢崎線 越谷 越谷市
86%
東武鉄道 伊勢崎線 東武動物公園 宮代町
86%
東武鉄道 亀戸線 亀戸 江東区
86%
東武鉄道 大師線 西新井 足立区
86%
東武鉄道 大師線 大師前 足立区
86%
東武鉄道 日光線 東武動物公園 宮代町
86%
東武鉄道 野田線 流山おおたかの森 流山市
86%
東武鉄道 東上本線 成増 板橋区
86%
西武鉄道 池袋線 所沢 所沢市
86%
西武鉄道 新宿線 小平 小平市
86%
西武鉄道 新宿線 東村山 東村山市
86%
西武鉄道 新宿線 所沢 所沢市
86%
西武鉄道 西武園線 東村山 東村山市
86%
西武鉄道 国分寺線 東村山 東村山市
86%
西武鉄道 西武有楽町線 小竹向原 練馬区
86%
西武鉄道 拝島線 小平 小平市
86%
西武鉄道 拝島線 拝島 昭島市
86%
京成電鉄 本線 京成上野 台東区
86%
京成電鉄 本線 青砥 葛飾区
86%
京成電鉄 本線 京成高砂 葛飾区
86%
京成電鉄 本線 勝田台 八千代市
86%
京成電鉄 押上線 押上 墨田区
86%
京成電鉄 押上線 青砥 葛飾区
86%
京成電鉄 金町線 京成高砂 葛飾区
86%
京成電鉄 金町線 柴又 葛飾区
86%
京成電鉄 金町線 京成金町 葛飾区
86%
京成電鉄 成田空港線 京成高砂 葛飾区
86%
京王電鉄 井の頭線 下北沢 世田谷区
86%
小田急電鉄 小田原線 下北沢 世田谷区
86%
東京地下鉄 3号線銀座線 浅草 台東区
86%
東京地下鉄 8号線有楽町線 小竹向原 練馬区
86%
東京地下鉄 8号線有楽町線 市ケ谷 新宿区
86%
東京地下鉄 8号線有楽町線 新木場 江東区
86%
東京地下鉄 11号線半蔵門線 押上 墨田区
86%
東京地下鉄 7号線南北線 市ケ谷 新宿区
86%
東京地下鉄 13号線副都心線 小竹向原 練馬区
86%
名古屋鉄道 名古屋本線 豊橋 豊橋市
86%
近畿日本鉄道 京都線 京都 京都市下京区
86%
IGRいわて銀河鉄道 いわて銀河鉄道線 盛岡 盛岡市
86%
仙台市 南北線 仙台 仙台市青葉区
86%
仙台市 東西線 仙台 仙台市青葉区
86%
福島交通 飯坂線 福島 福島市
86%
阿武隈急行 阿武隈急行線 福島 福島市
86%
北総鉄道 北総線 京成高砂 葛飾区
86%
東京都 1号線浅草線 浅草橋 台東区
86%
東京都 1号線浅草線 浅草 台東区
86%
東京都 1号線浅草線 押上 墨田区
86%
東京臨海高速鉄道 臨海副都心線 新木場 江東区
86%
首都圏新都市鉄道 常磐新線 浅草 台東区
86%
首都圏新都市鉄道 常磐新線 流山おおたかの森 流山市
86%
伊豆箱根鉄道 駿豆線 三島 三島市
86%
長野電鉄 長野線 長野 長野市
86%
しなの鉄道 北しなの線 長野 長野市
86%
名古屋市 1号線東山線 名古屋 名古屋市中村区
86%
名古屋市 6号線桜通線 名古屋 名古屋市中村区
86%
名古屋臨海高速鉄道 西名古屋港線 名古屋 名古屋市中村区
86%
京都市 烏丸線 京都 京都市下京区
86%
JR東日本 南武線 武蔵新城 川崎市中原区
79%
JR東日本 南武線 稲田堤 川崎市多摩区
79%
JR東日本 南武線 南多摩 稲城市
79%
JR東日本 武蔵野線 北府中 府中市
79%
JR東日本 武蔵野線 新秋津 東村山市
79%
JR東日本 武蔵野線 東所沢 所沢市
79%
JR東日本 横浜線 中山 横浜市緑区
79%
JR東日本 横浜線 成瀬 町田市
79%
JR東日本 横浜線 片倉 八王子市
79%
JR東日本 青梅線 羽村 羽村市
79%
JR東日本 青梅線 軍畑 青梅市
79%
JR東日本 五日市線 東秋留 あきる野市
79%
JR東日本 八高線 箱根ケ崎 瑞穂町
79%
JR東日本 東北本線 一ノ関 一関市
79%
JR東日本 東北新幹線 一ノ関 一関市
79%
JR東日本 奥羽本線 山形 山形市
79%
JR東日本 奥羽本線 秋田 秋田市
79%
JR東日本 五能線 能代 能代市
79%
JR東日本 羽越本線 鶴岡 鶴岡市
79%
JR東日本 羽越本線 秋田 秋田市
79%
JR東日本 北陸新幹線 飯山 飯山市
79%
JR東日本 飯山線 飯山 飯山市
79%
JR東日本 総武本線 小岩 江戸川区
79%
JR東海 東海道新幹線 岐阜羽島 羽島市
79%
JR東海 紀勢本線 津市
79%
JR西日本 東海道本線 栗東 栗東市
79%
JR西日本 東海道本線 草津 草津市
79%
JR西日本 東海道本線 高槻 高槻市
79%
JR西日本 東海道本線 茨木 茨木市
79%
JR西日本 東海道本線 大阪 大阪市北区
79%
JR西日本 大阪環状線 天王寺 大阪市天王寺区
79%
JR西日本 大阪環状線 京橋 大阪市城東区
79%
JR西日本 大阪環状線 大阪 大阪市北区
79%
JR西日本 大阪環状線 新今宮 大阪市浪速区
79%
JR西日本 福知山線 宝塚 宝塚市
79%
JR西日本 北陸本線 敦賀 敦賀市
79%
JR西日本 北陸新幹線 富山 富山市
79%
JR西日本 北陸新幹線 金沢 金沢市
79%
JR西日本 北陸新幹線 福井 福井市
79%
JR西日本 北陸新幹線 敦賀 敦賀市
79%
JR西日本 小浜線 敦賀 敦賀市
79%
JR西日本 高山本線 富山 富山市
79%
JR西日本 山陽本線 明石 明石市
79%
JR西日本 山陽本線 姫路 姫路市
79%
JR西日本 山陽本線 岡山 岡山市北区
79%
JR西日本 山陽本線 福山 福山市
79%
JR西日本 山陽本線 西条 東広島市
79%
JR西日本 山陽本線 広島 広島市南区
79%
JR西日本 山陽新幹線 新神戸 神戸市中央区
79%
JR西日本 山陽新幹線 姫路 姫路市
79%
JR西日本 山陽新幹線 岡山 岡山市北区
79%
JR西日本 山陽新幹線 福山 福山市
79%
JR西日本 山陽新幹線 広島 広島市南区
79%
JR西日本 山陽新幹線 小倉 北九州市小倉北区
79%
JR西日本 山陽新幹線 博多 福岡市博多区
79%
JR西日本 播但線 姫路 姫路市
79%
JR西日本 姫新線 姫路 姫路市
79%
JR西日本 津山線 岡山 岡山市北区
79%
JR西日本 吉備線 岡山 岡山市北区
79%
JR西日本 宇野線 岡山 岡山市北区
79%
JR西日本 芸備線 広島 広島市南区
79%
JR西日本 福塩線 福山 福山市
79%
JR西日本 山口線 山口 山口市
79%
JR西日本 関西本線 天王寺 大阪市天王寺区
79%
JR西日本 関西本線 新今宮 大阪市浪速区
79%
JR西日本 草津線 草津 草津市
79%
JR西日本 片町線 京橋 大阪市城東区
79%
JR西日本 阪和線 天王寺 大阪市天王寺区
79%
JR西日本 紀勢本線 和歌山市 和歌山市
79%
JR西日本 博多南線 博多 福岡市博多区
79%
JR西日本 関西空港線 関西空港 田尻町
79%
JR西日本 JR東西線 京橋 大阪市城東区
79%
JR四国 予讃線 高松 高松市
79%
JR四国 予讃線 今治 今治市
79%
JR四国 予讃線 松山 松山市
79%
JR四国 高徳線 高松 高松市
79%
JR九州 鹿児島本線 小倉 北九州市小倉北区
79%
JR九州 鹿児島本線 博多 福岡市博多区
79%
JR九州 鹿児島本線 熊本 熊本市西区
79%
JR九州 鹿児島本線 鹿児島中央 鹿児島市
79%
JR九州 指宿枕崎線 鹿児島中央 鹿児島市
79%
JR九州 唐津線 唐津 唐津市
79%
JR九州 筑肥線 唐津 唐津市
79%
JR九州 大村線 大村 大村市
79%
JR九州 久大本線 大分 大分市
79%
JR九州 豊肥本線 熊本 熊本市西区
79%
JR九州 豊肥本線 大分 大分市
79%
JR九州 日豊本線 小倉 北九州市小倉北区
79%
JR九州 日豊本線 宇佐 宇佐市
79%
JR九州 日豊本線 別府 別府市
79%
JR九州 日豊本線 大分 大分市
79%
JR九州 日豊本線 宮崎 宮崎市
79%
JR九州 宮崎空港線 宮崎空港 宮崎市
79%
JR九州 九州新幹線 博多 福岡市博多区
79%
JR九州 九州新幹線 熊本 熊本市西区
79%
JR九州 九州新幹線 鹿児島中央 鹿児島市
79%
東武鉄道 伊勢崎線 曳舟 墨田区
79%
東武鉄道 亀戸線 曳舟 墨田区
79%
東武鉄道 亀戸線 亀戸水神 江東区
79%
東武鉄道 東上本線 北池袋 豊島区
79%
東武鉄道 東上本線 下板橋 豊島区
79%
東武鉄道 東上本線 中板橋 板橋区
79%
東武鉄道 東上本線 上板橋 板橋区
79%
東武鉄道 東上本線 東武練馬 板橋区
79%
東武鉄道 東上本線 下赤塚 板橋区
79%
東武鉄道 東上本線 朝霞台 朝霞市
79%
東武鉄道 東上本線 東松山 東松山市
79%
西武鉄道 池袋線 石神井公園 練馬区
79%
西武鉄道 池袋線 東久留米 東久留米市
79%
西武鉄道 池袋線 清瀬 清瀬市
79%
西武鉄道 新宿線 西武新宿 新宿区
79%
西武鉄道 西武園線 西武園 東村山市
79%
西武鉄道 多摩湖線 多摩湖 東村山市
79%
西武鉄道 豊島線 豊島園 練馬区
79%
西武鉄道 多摩川線 多磨 府中市
79%
西武鉄道 山口線 多摩湖 東村山市
79%
京成電鉄 本線 町屋 荒川区
79%
京成電鉄 本線 江戸川 江戸川区
79%
京成電鉄 本線 八千代台 八千代市
79%
京王電鉄 京王線 笹塚 渋谷区
79%
京王電鉄 京王線 下高井戸 世田谷区
79%
京王電鉄 相模原線 京王永山 多摩市
79%
京王電鉄 相模原線 京王多摩センター 多摩市
79%
京王電鉄 高尾線 高尾山口 八王子市
79%
小田急電鉄 小田原線 南新宿 渋谷区
79%
小田急電鉄 小田原線 参宮橋 渋谷区
79%
小田急電鉄 小田原線 代々木八幡 渋谷区
79%
小田急電鉄 小田原線 代々木上原 渋谷区
79%
小田急電鉄 小田原線 東北沢 世田谷区
79%
小田急電鉄 小田原線 世田谷代田 世田谷区
79%
小田急電鉄 小田原線 経堂 世田谷区
79%
小田急電鉄 小田原線 成城学園前 世田谷区
79%
小田急電鉄 小田原線 喜多見 世田谷区
79%
小田急電鉄 小田原線 狛江 狛江市
79%
小田急電鉄 小田原線 生田 川崎市多摩区
79%
小田急電鉄 小田原線 新百合ヶ丘 川崎市麻生区
79%
小田急電鉄 多摩線 新百合ヶ丘 川崎市麻生区
79%
小田急電鉄 多摩線 小田急多摩センター 多摩市
79%
小田急電鉄 多摩線 唐木田 多摩市
79%
東急電鉄 東横線 多摩川 大田区
79%
東急電鉄 東急多摩川線 多摩川 大田区
79%
東急電鉄 世田谷線 世田谷 世田谷区
79%
東急電鉄 世田谷線 下高井戸 世田谷区
79%
東京地下鉄 3号線銀座線 京橋 中央区
79%
東京地下鉄 9号線千代田線 町屋 荒川区
79%
東京地下鉄 9号線千代田線 代々木上原 渋谷区
79%
近畿日本鉄道 名古屋線 津市
79%
南海電気鉄道 南海本線 新今宮 大阪市西成区
79%
南海電気鉄道 南海本線 和歌山市 和歌山市
79%
南海電気鉄道 空港線 関西空港 田尻町
79%
南海電気鉄道 和歌山港線 和歌山市 和歌山市
79%
京阪電気鉄道 京阪本線 京橋 大阪市都島区
79%
阪急電鉄 宝塚線 宝塚 宝塚市
79%
阪急電鉄 今津線 宝塚 宝塚市
79%
東京都 6号線三田線 春日 文京区
79%
東京都 12号線大江戸線 春日 文京区
79%
東京都 12号線大江戸線 豊島園 練馬区
79%
高尾登山電鉄 高尾鋼索線 高尾山 八王子市
79%
多摩都市モノレール 多摩都市モノレール線 多摩センター 多摩市
79%
多摩都市モノレール 多摩都市モノレール線 高松 立川市
79%
横浜市 4号線 中山 横浜市緑区
79%
あいの風とやま鉄道 あいの風とやま鉄道線 富山 富山市
79%
IRいしかわ鉄道 IRいしかわ鉄道線 金沢 金沢市
79%
えちぜん鉄道 勝山永平寺線 福井 福井市
79%
ハピラインふくい ハピラインふくい線 敦賀 敦賀市
79%
ハピラインふくい ハピラインふくい線 福井 福井市
79%
愛知環状鉄道 愛知環状鉄道線 山口 瀬戸市
79%
伊勢鉄道 伊勢線 津市
79%
大阪市高速電気軌道 1号線(御堂筋線) 天王寺 大阪市阿倍野区
79%
大阪市高速電気軌道 2号線(谷町線) 天王寺 大阪市天王寺区
79%
大阪市高速電気軌道 7号線(長堀鶴見緑地線) 京橋 大阪市都島区
79%
神戸市 山手線 新神戸 神戸市中央区
79%
神戸市 北神線 新神戸 神戸市中央区
79%
福岡市 1号線(空港線) 博多 福岡市博多区
79%
福岡市 3号線(七隈線) 博多 福岡市博多区
79%
北九州高速鉄道 小倉線 小倉 北九州市小倉北区
79%
JR北海道 千歳線 新千歳空港 千歳市
71%
JR東日本 南武線 分倍河原 府中市
71%
JR東日本 南武線 西府 府中市
71%
JR東日本 南武線 西国立 立川市
71%
JR東日本 横浜線 相原 町田市
71%
JR東日本 青梅線 河辺 青梅市
71%
JR東日本 青梅線 東青梅 青梅市
71%
JR東日本 五日市線 秋川 あきる野市
71%
JR東日本 東北本線 栗橋 久喜市
71%
JR東日本 東北新幹線 古川 大崎市
71%
JR東日本 田沢湖線 大曲 大仙市
71%
JR東日本 大湊線 大湊 むつ市
71%
JR東日本 奥羽本線 大曲 大仙市
71%
JR東日本 陸羽東線 古川 大崎市
71%
JR東日本 北陸新幹線 上田 上田市
71%
JR西日本 東海道本線 南草津 草津市
71%
JR西日本 東海道本線 三ノ宮 神戸市中央区
71%
JR西日本 大阪環状線 鶴橋 大阪市天王寺区
71%
JR西日本 大阪環状線 森ノ宮 大阪市中央区
71%
JR西日本 関西本線 八尾 八尾市
71%
東武鉄道 伊勢崎線 竹ノ塚 足立区
71%
東武鉄道 亀戸線 東あずま 墨田区
71%
東武鉄道 日光線 栗橋 久喜市
71%
東武鉄道 東上本線 大山 板橋区
71%
東武鉄道 東上本線 志木 新座市
71%
西武鉄道 池袋線 桜台 練馬区
71%
西武鉄道 池袋線 練馬 練馬区
71%
西武鉄道 池袋線 大泉学園 練馬区
71%
西武鉄道 池袋線 保谷 西東京市
71%
西武鉄道 新宿線 田無 西東京市
71%
西武鉄道 国分寺線 小川 小平市
71%
西武鉄道 国分寺線 恋ヶ窪 国分寺市
71%
西武鉄道 西武有楽町線 練馬 練馬区
71%
西武鉄道 西武有楽町線 新桜台 練馬区
71%
西武鉄道 豊島線 練馬 練馬区
71%
西武鉄道 拝島線 小川 小平市
71%
西武鉄道 拝島線 玉川上水 立川市
71%
西武鉄道 拝島線 西武立川 立川市
71%
西武鉄道 多摩川線 是政 府中市
71%
京成電鉄 本線 千住大橋 足立区
71%
京成電鉄 押上線 京成曳舟 墨田区
71%
京王電鉄 京王線 初台 渋谷区
71%
京王電鉄 京王線 幡ヶ谷 渋谷区
71%
京王電鉄 京王線 代田橋 世田谷区
71%
京王電鉄 京王線 明大前 世田谷区
71%
京王電鉄 京王線 桜上水 世田谷区
71%
京王電鉄 京王線 千歳烏山 世田谷区
71%
京王電鉄 京王線 仙川 調布市
71%
京王電鉄 京王線 つつじヶ丘 調布市
71%
京王電鉄 京王線 国領 調布市
71%
京王電鉄 京王線 布田 調布市
71%
京王電鉄 京王線 調布 調布市
71%
京王電鉄 京王線 西調布 調布市
71%
京王電鉄 京王線 飛田給 調布市
71%
京王電鉄 京王線 多磨霊園 府中市
71%
京王電鉄 京王線 東府中 府中市
71%
京王電鉄 京王線 分倍河原 府中市
71%
京王電鉄 京王線 中河原 府中市
71%
京王電鉄 京王線 高幡不動 日野市
71%
京王電鉄 京王線 北野 八王子市
71%
京王電鉄 京王線 京王八王子 八王子市
71%
京王電鉄 相模原線 調布 調布市
71%
京王電鉄 相模原線 京王多摩川 調布市
71%
京王電鉄 相模原線 京王稲田堤 川崎市多摩区
71%
京王電鉄 相模原線 京王よみうりランド 稲城市
71%
京王電鉄 相模原線 京王堀之内 八王子市
71%
京王電鉄 相模原線 南大沢 八王子市
71%
京王電鉄 高尾線 北野 八王子市
71%
京王電鉄 高尾線 京王片倉 八王子市
71%
京王電鉄 高尾線 めじろ台 八王子市
71%
京王電鉄 競馬場線 東府中 府中市
71%
京王電鉄 競馬場線 府中競馬正門前 府中市
71%
京王電鉄 動物園線 高幡不動 日野市
71%
京王電鉄 動物園線 多摩動物公園 日野市
71%
京王電鉄 井の頭線 神泉 渋谷区
71%
京王電鉄 井の頭線 駒場東大前 目黒区
71%
京王電鉄 井の頭線 東松原 世田谷区
71%
京王電鉄 井の頭線 明大前 世田谷区
71%
京王電鉄 井の頭線 永福町 杉並区
71%
京王電鉄 井の頭線 井の頭公園 三鷹市
71%
小田急電鉄 小田原線 梅ヶ丘 世田谷区
71%
小田急電鉄 小田原線 豪徳寺 世田谷区
71%
小田急電鉄 小田原線 千歳船橋 世田谷区
71%
小田急電鉄 小田原線 祖師ヶ谷大蔵 世田谷区
71%
小田急電鉄 多摩線 小田急永山 多摩市
71%
東急電鉄 東横線 中目黒 目黒区
71%
東急電鉄 東横線 田園調布 大田区
71%
東急電鉄 東横線 日吉 横浜市港北区
71%
東急電鉄 目黒線 田園調布 大田区
71%
東急電鉄 東急新横浜線 日吉 横浜市港北区
71%
東京地下鉄 2号線日比谷線 中目黒 目黒区
71%
近畿日本鉄道 大阪線 鶴橋 大阪市生野区
71%
南海電気鉄道 南海本線 岸和田 岸和田市
71%
東京都 12号線大江戸線 練馬 練馬区
71%
多摩都市モノレール 多摩都市モノレール線 多摩動物公園 日野市
71%
多摩都市モノレール 多摩都市モノレール線 高幡不動 日野市
71%
多摩都市モノレール 多摩都市モノレール線 玉川上水 東大和市
71%
横浜市 4号線 日吉 横浜市港北区
71%
上田電鉄 別所線 上田 上田市
71%
しなの鉄道 しなの鉄道線 上田 上田市
71%
大阪市高速電気軌道 4号線(中央線) 森ノ宮 大阪市中央区
71%
大阪市高速電気軌道 5号線(千日前線) 鶴橋 大阪市天王寺区
71%
大阪市高速電気軌道 7号線(長堀鶴見緑地線) 森ノ宮 大阪市中央区
71%
JR東日本 南武線 谷保 国立市
64%
JR東日本 青梅線 東中神 昭島市
64%
JR東日本 青梅線 中神 昭島市
64%
JR東日本 青梅線 日向和田 青梅市
64%
JR東日本 五日市線 武蔵引田 あきる野市
64%
JR東日本 八高線 小宮 八王子市
64%
JR東日本 東北本線 北赤羽 北区
64%
JR東日本 常磐線 赤塚 水戸市
64%
JR東日本 仙石線 あおば通 仙台市青葉区
64%
JR東海 中央本線 高蔵寺 春日井市
64%
JR東海 中央本線 大曽根 名古屋市東区
64%
JR西日本 大阪環状線 桃谷 大阪市天王寺区
64%
JR西日本 山陽本線 宮島口 廿日市市
64%
JR西日本 山陰本線 二条 京都市中京区
64%
JR西日本 舞鶴線 西舞鶴 舞鶴市
64%
JR九州 鹿児島本線 福間 福津市
64%
東武鉄道 伊勢崎線 鐘ヶ淵 墨田区
64%
東武鉄道 伊勢崎線 牛田 足立区
64%
東武鉄道 東上本線 ときわ台 板橋区
64%
西武鉄道 池袋線 練馬高野台 練馬区
64%
西武鉄道 池袋線 ひばりヶ丘 西東京市
64%
西武鉄道 池袋線 秋津 東村山市
64%
西武鉄道 新宿線 中井 新宿区
64%
西武鉄道 新宿線 都立家政 中野区
64%
西武鉄道 新宿線 上石神井 練馬区
64%
西武鉄道 新宿線 東伏見 西東京市
64%
西武鉄道 新宿線 花小金井 小平市
64%
西武鉄道 多摩湖線 一橋学園 小平市
64%
西武鉄道 多摩川線 競艇場前 府中市
64%
京成電鉄 本線 京成関屋 足立区
64%
京成電鉄 本線 お花茶屋 葛飾区
64%
京成電鉄 本線 京成小岩 江戸川区
64%
京成電鉄 押上線 四ツ木 葛飾区
64%
京王電鉄 京王線 上北沢 世田谷区
64%
京王電鉄 京王線 八幡山 杉並区
64%
京王電鉄 京王線 芦花公園 世田谷区
64%
京王電鉄 京王線 柴崎 調布市
64%
京王電鉄 京王線 聖蹟桜ヶ丘 多摩市
64%
京王電鉄 京王線 平山城址公園 日野市
64%
京王電鉄 相模原線 若葉台 川崎市麻生区
64%
京王電鉄 相模原線 多摩境 町田市
64%
京王電鉄 高尾線 山田 八王子市
64%
京王電鉄 井の頭線 池ノ上 世田谷区
64%
京王電鉄 井の頭線 新代田 世田谷区
64%
京王電鉄 井の頭線 西永福 杉並区
64%
京王電鉄 井の頭線 高井戸 杉並区
64%
京王電鉄 井の頭線 久我山 杉並区
64%
京王電鉄 井の頭線 三鷹台 三鷹市
64%
小田急電鉄 小田原線 和泉多摩川 狛江市
64%
東急電鉄 東横線 代官山 渋谷区
64%
東急電鉄 東横線 祐天寺 目黒区
64%
東急電鉄 東横線 学芸大学 目黒区
64%
東急電鉄 東横線 都立大学 目黒区
64%
東急電鉄 東横線 自由が丘 目黒区
64%
東急電鉄 目黒線 武蔵小山 品川区
64%
東急電鉄 田園都市線 三軒茶屋 世田谷区
64%
東急電鉄 大井町線 自由が丘 目黒区
64%
東急電鉄 世田谷線 三軒茶屋 世田谷区
64%
東急電鉄 世田谷線 松原 世田谷区
64%
東京地下鉄 4号線丸ノ内線 新大塚 文京区
64%
東京地下鉄 4号線丸ノ内線 大手町 千代田区
64%
東京地下鉄 4号線丸ノ内線 西新宿 新宿区
64%
東京地下鉄 4号線丸ノ内線 中野坂上 中野区
64%
東京地下鉄 4号線丸ノ内線 新中野 中野区
64%
東京地下鉄 4号線丸ノ内線 新高円寺 杉並区
64%
東京地下鉄 4号線丸ノ内線分岐線 中野坂上 中野区
64%
東京地下鉄 4号線丸ノ内線分岐線 中野富士見町 中野区
64%
東京地下鉄 4号線丸ノ内線分岐線 方南町 杉並区
64%
東京地下鉄 2号線日比谷線 茅場町 中央区
64%
東京地下鉄 5号線東西線 落合 新宿区
64%
東京地下鉄 5号線東西線 大手町 千代田区
64%
東京地下鉄 5号線東西線 茅場町 中央区
64%
東京地下鉄 9号線千代田線 大手町 千代田区
64%
東京地下鉄 9号線千代田線 代々木公園 渋谷区
64%
東京地下鉄 9号線千代田線 北綾瀬 足立区
64%
東京地下鉄 11号線半蔵門線 大手町 千代田区
64%
名古屋鉄道 瀬戸線 大曽根 名古屋市東区
64%
東京都 6号線三田線 大手町 千代田区
64%
東京都 10号線新宿線 市ヶ谷 千代田区
64%
東京都 12号線大江戸線 中野坂上 中野区
64%
東京都 12号線大江戸線 中井 新宿区
64%
名古屋市 2号線名城線及び名港線 大曽根 名古屋市北区
64%
名古屋市 4号線名城線 大曽根 名古屋市北区
64%
愛知環状鉄道 愛知環状鉄道線 高蔵寺 春日井市
64%
名古屋ガイドウェイバス ガイドウェイバス志段味線 大曽根 名古屋市東区
64%
京都市 東西線 二条 京都市中京区
64%
WILLER TRAINS 宮津線 西舞鶴 舞鶴市
64%
JR東日本 南武線 矢野口 稲城市
57%
JR東日本 南武線 矢川 国立市
57%
JR東日本 相模線 倉見 寒川町
57%
JR東日本 青梅線 小作 羽村市
57%
JR東日本 青梅線 石神前 青梅市
57%
JR東日本 青梅線 古里 奥多摩町
57%
JR東日本 青梅線 鳩ノ巣 奥多摩町
57%
JR東日本 青梅線 白丸 奥多摩町
57%
JR東日本 五日市線 熊川 福生市
57%
JR東日本 五日市線 武蔵増戸 あきる野市
57%
JR東日本 東北本線 浮間舟渡 北区
57%
JR西日本 東海道本線 石山 大津市
57%
JR西日本 大阪環状線 玉造 大阪市天王寺区
57%
JR西日本 山陰本線 円町 京都市中京区
57%
JR西日本 関西本線 笠置 笠置町
57%
JR西日本 阪和線 東岸和田 岸和田市
57%
東武鉄道 伊勢崎線 堀切 足立区
57%
東武鉄道 伊勢崎線 五反野 足立区
57%
東武鉄道 伊勢崎線 梅島 足立区
57%
東武鉄道 亀戸線 小村井 墨田区
57%
東武鉄道 野田線 豊四季 柏市
57%
西武鉄道 池袋線 椎名町 豊島区
57%
西武鉄道 池袋線 東長崎 豊島区
57%
西武鉄道 池袋線 中村橋 練馬区
57%
西武鉄道 池袋線 富士見台 練馬区
57%
西武鉄道 新宿線 下落合 新宿区
57%
西武鉄道 新宿線 鷺ノ宮 中野区
57%
西武鉄道 新宿線 下井草 杉並区
57%
西武鉄道 新宿線 井荻 杉並区
57%
西武鉄道 新宿線 上井草 杉並区
57%
西武鉄道 新宿線 武蔵関 練馬区
57%
西武鉄道 拝島線 東大和市 東大和市
57%
京成電鉄 本線 新三河島 荒川区
57%
京成電鉄 本線 堀切菖蒲園 葛飾区
57%
京成電鉄 押上線 八広 墨田区
57%
京成電鉄 押上線 京成立石 葛飾区
57%
京王電鉄 京王線 百草園 日野市
57%
京王電鉄 京王線 南平 日野市
57%
京王電鉄 京王線 長沼 八王子市
57%
京王電鉄 高尾線 狭間 八王子市
57%
京王電鉄 井の頭線 浜田山 杉並区
57%
京王電鉄 井の頭線 富士見ヶ丘 杉並区
57%
東急電鉄 東横線 大倉山 横浜市港北区
57%
東急電鉄 目黒線 不動前 品川区
57%
東急電鉄 目黒線 奥沢 世田谷区
57%
東急電鉄 田園都市線 池尻大橋 世田谷区
57%
東急電鉄 田園都市線 二子玉川 世田谷区
57%
東急電鉄 大井町線 旗の台 品川区
57%
東急電鉄 大井町線 二子玉川 世田谷区
57%
東急電鉄 池上線 大崎広小路 品川区
57%
東急電鉄 池上線 旗の台 品川区
57%
東急電鉄 池上線 雪が谷大塚 大田区
57%
京浜急行電鉄 本線 北品川 品川区
57%
京浜急行電鉄 本線 新馬場 品川区
57%
京浜急行電鉄 本線 京急蒲田 大田区
57%
京浜急行電鉄 本線 京急川崎 川崎市川崎区
57%
京浜急行電鉄 空港線 京急蒲田 大田区
57%
京浜急行電鉄 大師線 京急川崎 川崎市川崎区
57%
東京地下鉄 3号線銀座線 稲荷町 台東区
57%
東京地下鉄 3号線銀座線 上野広小路 台東区
57%
東京地下鉄 3号線銀座線 末広町 千代田区
57%
東京地下鉄 3号線銀座線 日本橋 中央区
57%
東京地下鉄 3号線銀座線 銀座 中央区
57%
東京地下鉄 3号線銀座線 赤坂見附 港区
57%
東京地下鉄 3号線銀座線 青山一丁目 港区
57%
東京地下鉄 3号線銀座線 外苑前 港区
57%
東京地下鉄 3号線銀座線 表参道 港区
57%
東京地下鉄 4号線丸ノ内線 後楽園 文京区
57%
東京地下鉄 4号線丸ノ内線 本郷三丁目 文京区
57%
東京地下鉄 4号線丸ノ内線 淡路町 千代田区
57%
東京地下鉄 4号線丸ノ内線 銀座 中央区
57%
東京地下鉄 4号線丸ノ内線 国会議事堂前 千代田区
57%
東京地下鉄 4号線丸ノ内線 赤坂見附 港区
57%
東京地下鉄 4号線丸ノ内線 新宿三丁目 新宿区
57%
東京地下鉄 4号線丸ノ内線 東高円寺 杉並区
57%
東京地下鉄 4号線丸ノ内線 南阿佐ケ谷 杉並区
57%
東京地下鉄 4号線丸ノ内線分岐線 中野新橋 中野区
57%
東京地下鉄 2号線日比谷線 三ノ輪 台東区
57%
東京地下鉄 2号線日比谷線 銀座 中央区
57%
東京地下鉄 5号線東西線 早稲田 新宿区
57%
東京地下鉄 5号線東西線 神楽坂 新宿区
57%
東京地下鉄 5号線東西線 九段下 千代田区
57%
東京地下鉄 5号線東西線 竹橋 千代田区
57%
東京地下鉄 5号線東西線 日本橋 中央区
57%
東京地下鉄 5号線東西線 門前仲町 江東区
57%
東京地下鉄 5号線東西線 木場 江東区
57%
東京地下鉄 5号線東西線 東陽町 江東区
57%
東京地下鉄 5号線東西線 南砂町 江東区
57%
東京地下鉄 5号線東西線 西葛西 江戸川区
57%
東京地下鉄 9号線千代田線 根津 文京区
57%
東京地下鉄 9号線千代田線 新御茶ノ水 千代田区
57%
東京地下鉄 9号線千代田線 二重橋前 千代田区
57%
東京地下鉄 9号線千代田線 国会議事堂前 千代田区
57%
東京地下鉄 9号線千代田線 赤坂 港区
57%
東京地下鉄 9号線千代田線 乃木坂 港区
57%
東京地下鉄 9号線千代田線 表参道 港区
57%
東京地下鉄 9号線千代田線 明治神宮前 渋谷区
57%
東京地下鉄 8号線有楽町線 地下鉄成増 板橋区
57%
東京地下鉄 8号線有楽町線 地下鉄赤塚 練馬区
57%
東京地下鉄 8号線有楽町線 平和台 練馬区
57%
東京地下鉄 8号線有楽町線 氷川台 練馬区
57%
東京地下鉄 8号線有楽町線 千川 豊島区
57%
東京地下鉄 8号線有楽町線 江戸川橋 文京区
57%
東京地下鉄 8号線有楽町線 永田町 千代田区
57%
東京地下鉄 8号線有楽町線 桜田門 千代田区
57%
東京地下鉄 8号線有楽町線 豊洲 江東区
57%
東京地下鉄 8号線有楽町線 辰巳 江東区
57%
東京地下鉄 11号線半蔵門線 表参道 港区
57%
東京地下鉄 11号線半蔵門線 青山一丁目 港区
57%
東京地下鉄 11号線半蔵門線 永田町 千代田区
57%
東京地下鉄 11号線半蔵門線 九段下 千代田区
57%
東京地下鉄 11号線半蔵門線 神保町 千代田区
57%
東京地下鉄 7号線南北線 白金台 港区
57%
東京地下鉄 7号線南北線 白金高輪 港区
57%
東京地下鉄 7号線南北線 永田町 千代田区
57%
東京地下鉄 7号線南北線 後楽園 文京区
57%
東京地下鉄 7号線南北線 東大前 文京区
57%
東京地下鉄 7号線南北線 志茂 北区
57%
東京地下鉄 13号線副都心線 千川 豊島区
57%
東京地下鉄 13号線副都心線 新宿三丁目 新宿区
57%
東京地下鉄 13号線副都心線 明治神宮前 渋谷区
57%
東京都 1号線浅草線 日本橋 中央区
57%
東京都 6号線三田線 白金台 港区
57%
東京都 6号線三田線 白金高輪 港区
57%
東京都 6号線三田線 神保町 千代田区
57%
東京都 6号線三田線 白山 文京区
57%
東京都 6号線三田線 新板橋 板橋区
57%
東京都 10号線新宿線 新宿三丁目 新宿区
57%
東京都 10号線新宿線 九段下 千代田区
57%
東京都 10号線新宿線 神保町 千代田区
57%
東京都 12号線大江戸線 都庁前 新宿区
57%
東京都 12号線大江戸線 本郷三丁目 文京区
57%
東京都 12号線大江戸線 門前仲町 江東区
57%
東京都 12号線大江戸線 青山一丁目 港区
57%
東京都 12号線大江戸線 都庁前 新宿区
57%
東京都 荒川線 早稲田 新宿区
57%
ゆりかもめ 東京臨海新交通臨海線 有明 江東区
57%
ゆりかもめ 東京臨海新交通臨海線 豊洲 江東区
57%
名古屋市 1号線東山線 名古屋市中区
57%
名古屋市 2号線名城線及び名港線 名古屋市中区
57%
大阪市高速電気軌道 7号線(長堀鶴見緑地線) 玉造 大阪市天王寺区
57%
京浜急行電鉄 空港線 羽田空港第1・第2ターミナル 大田区
57%
京浜急行電鉄 空港線 羽田空港第3ターミナル 大田区
57%
東京モノレール 東京モノレール羽田空港線 羽田空港第3ターミナル 大田区
57%
JR北海道 根室本線 大楽毛 釧路市
50%
JR東日本 青梅線 牛浜 福生市
50%
JR東日本 青梅線 二俣尾 青梅市
50%
JR東日本 仙山線 東北福祉大前 仙台市青葉区
50%
JR東日本 信越本線 亀田 新潟市江南区
50%
JR西日本 山陽本線 白市 東広島市
50%
JR四国 予讃線 壬生川 西条市
50%
JR九州 大村線 竹松 大村市
50%
東武鉄道 伊勢崎線 東向島 墨田区
50%
東武鉄道 伊勢崎線 小菅 足立区
50%
西武鉄道 池袋線 江古田 練馬区
50%
西武鉄道 新宿線 新井薬師前 中野区
50%
西武鉄道 新宿線 沼袋 中野区
50%
西武鉄道 新宿線 野方 中野区
50%
西武鉄道 新宿線 西武柳沢 西東京市
50%
西武鉄道 多摩湖線 八坂 東村山市
50%
西武鉄道 多摩湖線 武蔵大和 東村山市
50%
西武鉄道 拝島線 武蔵砂川 立川市
50%
京王電鉄 京王線 武蔵野台 府中市
50%
東急電鉄 目黒線 西小山 品川区
50%
東急電鉄 目黒線 洗足 目黒区
50%
東急電鉄 目黒線 大岡山 大田区
50%
東急電鉄 田園都市線 駒沢大学 世田谷区
50%
東急電鉄 田園都市線 桜新町 世田谷区
50%
東急電鉄 田園都市線 用賀 世田谷区
50%
東急電鉄 田園都市線 溝の口 川崎市高津区
50%
東急電鉄 大井町線 中延 品川区
50%
東急電鉄 大井町線 北千束 大田区
50%
東急電鉄 大井町線 大岡山 大田区
50%
東急電鉄 大井町線 緑が丘 目黒区
50%
東急電鉄 大井町線 尾山台 世田谷区
50%
東急電鉄 池上線 洗足池 大田区
50%
東急電鉄 池上線 池上 大田区
50%
東急電鉄 世田谷線 若林 世田谷区
50%
東急電鉄 世田谷線 松陰神社前 世田谷区
50%
京浜急行電鉄 本線 青物横丁 品川区
50%
京浜急行電鉄 本線 鮫洲 品川区
50%
京浜急行電鉄 本線 立会川 品川区
50%
京浜急行電鉄 本線 大森海岸 品川区
50%
京浜急行電鉄 本線 平和島 大田区
50%
京浜急行電鉄 本線 大森町 大田区
50%
京浜急行電鉄 本線 梅屋敷 大田区
50%
京浜急行電鉄 本線 雑色 大田区
50%
京浜急行電鉄 本線 六郷土手 大田区
50%
京浜急行電鉄 本線 泉岳寺 港区
50%
京浜急行電鉄 空港線 糀谷 大田区
50%
京浜急行電鉄 空港線 穴守稲荷 大田区
50%
京浜急行電鉄 空港線 天空橋 大田区
50%
東京地下鉄 3号線銀座線 田原町 台東区
50%
東京地下鉄 3号線銀座線 三越前 中央区
50%
東京地下鉄 3号線銀座線 虎ノ門 港区
50%
東京地下鉄 4号線丸ノ内線 茗荷谷 文京区
50%
東京地下鉄 4号線丸ノ内線 霞ケ関 千代田区
50%
東京地下鉄 4号線丸ノ内線 四谷三丁目 新宿区
50%
東京地下鉄 4号線丸ノ内線 新宿御苑前 新宿区
50%
東京地下鉄 2号線日比谷線 仲御徒町 台東区
50%
東京地下鉄 2号線日比谷線 人形町 中央区
50%
東京地下鉄 2号線日比谷線 東銀座 中央区
50%
東京地下鉄 2号線日比谷線 日比谷 千代田区
50%
東京地下鉄 2号線日比谷線 霞ケ関 千代田区
50%
東京地下鉄 2号線日比谷線 虎ノ門ヒルズ 港区
50%
東京地下鉄 2号線日比谷線 神谷町 港区
50%
東京地下鉄 2号線日比谷線 六本木 港区
50%
東京地下鉄 9号線千代田線 千駄木 文京区
50%
東京地下鉄 9号線千代田線 湯島 文京区
50%
東京地下鉄 9号線千代田線 日比谷 千代田区
50%
東京地下鉄 9号線千代田線 霞ケ関 千代田区
50%
東京地下鉄 8号線有楽町線 要町 豊島区
50%
東京地下鉄 8号線有楽町線 東池袋 豊島区
50%
東京地下鉄 8号線有楽町線 護国寺 文京区
50%
東京地下鉄 8号線有楽町線 麹町 千代田区
50%
東京地下鉄 8号線有楽町線 銀座一丁目 中央区
50%
東京地下鉄 8号線有楽町線 新富町 中央区
50%
東京地下鉄 8号線有楽町線 月島 中央区
50%
東京地下鉄 11号線半蔵門線 半蔵門 千代田区
50%
東京地下鉄 11号線半蔵門線 三越前 中央区
50%
東京地下鉄 11号線半蔵門線 水天宮前 中央区
50%
東京地下鉄 11号線半蔵門線 清澄白河 江東区
50%
東京地下鉄 11号線半蔵門線 住吉 江東区
50%
東京地下鉄 7号線南北線 麻布十番 港区
50%
東京地下鉄 7号線南北線 六本木一丁目 港区
50%
東京地下鉄 7号線南北線 本駒込 文京区
50%
東京地下鉄 7号線南北線 西ケ原 北区
50%
東京地下鉄 7号線南北線 赤羽岩淵 北区
50%
東京地下鉄 13号線副都心線 要町 豊島区
50%
東京地下鉄 13号線副都心線 西早稲田 新宿区
50%
名古屋鉄道 三河線 豊田市 豊田市
50%
名古屋鉄道 三河線 若林 豊田市
50%
名古屋鉄道 小牧線 犬山 犬山市
50%
名古屋鉄道 犬山線 犬山 犬山市
50%
名古屋鉄道 広見線 犬山 犬山市
50%
近畿日本鉄道 大阪線 近鉄八尾 八尾市
50%
近畿日本鉄道 奈良線 生駒 生駒市
50%
近畿日本鉄道 奈良線 大和西大寺 奈良市
50%
近畿日本鉄道 けいはんな線 生駒 生駒市
50%
近畿日本鉄道 橿原線 大和西大寺 奈良市
50%
近畿日本鉄道 南大阪線 大阪阿部野橋 大阪市阿倍野区
50%
近畿日本鉄道 京都線 大和西大寺 奈良市
50%
近畿日本鉄道 生駒線 生駒 生駒市
50%
近畿日本鉄道 名古屋線 近鉄四日市 四日市市
50%
近畿日本鉄道 湯の山線 近鉄四日市 四日市市
50%
南海電気鉄道 南海本線 難波 大阪市中央区
50%
南海電気鉄道 南海本線 貝塚 貝塚市
50%
南海電気鉄道 高野線 中百舌鳥 堺市北区
50%
京阪電気鉄道 京阪本線 淀屋橋 大阪市中央区
50%
阪急電鉄 京都線 京都河原町 京都市下京区
50%
阪神電気鉄道 本線 尼崎 尼崎市
50%
阪神電気鉄道 阪神なんば線 尼崎 尼崎市
50%
西日本鉄道 天神大牟田線 西鉄福岡 福岡市中央区
50%
関東鉄道 常総線 守谷 守谷市
50%
埼玉高速鉄道 埼玉高速鉄道線 赤羽岩淵 北区
50%
北総鉄道 北総線 新柴又 葛飾区
50%
東京都 1号線浅草線 中延 品川区
50%
東京都 1号線浅草線 高輪台 港区
50%
東京都 1号線浅草線 泉岳寺 港区
50%
東京都 1号線浅草線 東銀座 中央区
50%
東京都 1号線浅草線 人形町 中央区
50%
東京都 6号線三田線 日比谷 千代田区
50%
東京都 6号線三田線 高島平 板橋区
50%
東京都 6号線三田線 新高島平 板橋区
50%
東京都 6号線三田線 西高島平 板橋区
50%
東京都 10号線新宿線 曙橋 新宿区
50%
東京都 10号線新宿線 小川町 千代田区
50%
東京都 10号線新宿線 馬喰横山 中央区
50%
東京都 10号線新宿線 住吉 江東区
50%
東京都 10号線新宿線 船堀 江戸川区
50%
東京都 12号線大江戸線 清澄白河 江東区
50%
東京都 12号線大江戸線 月島 中央区
50%
東京都 12号線大江戸線 麻布十番 港区
50%
東京都 12号線大江戸線 六本木 港区
50%
東京都 12号線大江戸線 練馬春日町 練馬区
50%
東京都 12号線大江戸線 光が丘 練馬区
50%
東京都 荒川線 荒川車庫前 荒川区
50%
東京都 荒川線 栄町 北区
50%
東京都 荒川線 大塚駅前 豊島区
50%
東京都 日暮里・舎人ライナー 舎人 足立区
50%
東京モノレール 東京モノレール羽田空港線 新整備場 大田区
50%
東京モノレール 東京モノレール羽田空港線 天空橋 大田区
50%
東京モノレール 東京モノレール羽田空港線 大井競馬場前 品川区
50%
東京モノレール 東京モノレール羽田空港線 天王洲アイル 品川区
50%
ゆりかもめ 東京臨海新交通臨海線 有明テニスの森 江東区
50%
東京臨海高速鉄道 臨海副都心線 東雲 江東区
50%
東京臨海高速鉄道 臨海副都心線 東京テレポート 江東区
50%
東京臨海高速鉄道 臨海副都心線 天王洲アイル 品川区
50%
首都圏新都市鉄道 常磐新線 青井 足立区
50%
首都圏新都市鉄道 常磐新線 守谷 守谷市
50%
横浜高速鉄道 みなとみらい21線 新高島平 横浜市西区
50%
大阪市高速電気軌道 1号線(御堂筋線) 淀屋橋 大阪市中央区
50%
大阪市高速電気軌道 1号線(御堂筋線) 難波 大阪市中央区
50%
大阪市高速電気軌道 1号線(御堂筋線) 中百舌鳥 堺市北区
50%
大阪市高速電気軌道 3号線(四つ橋線) 難波 大阪市浪速区
50%
大阪市高速電気軌道 5号線(千日前線) 難波 大阪市中央区
50%
水間鉄道 水間線 貝塚 貝塚市
50%
泉北高速鉄道 泉北高速鉄道線 中百舌鳥 堺市北区
50%
神戸市 山手線 県庁前 神戸市中央区
50%
沖縄都市モノレール 沖縄都市モノレール線 県庁前 那覇市
50%
東京モノレール 東京モノレール羽田空港線 羽田空港第1ターミナル 大田区
50%
東京モノレール 東京モノレール羽田空港線 羽田空港第2ターミナル 大田区
50%
JR北海道 宗谷本線 抜海 稚内市
43%
JR東日本 青梅線 宮ノ平 青梅市
43%
JR東日本 青梅線 沢井 青梅市
43%
JR東日本 青梅線 川井 奥多摩町
43%
JR九州 鹿児島本線 東福間 福津市
43%
JR九州 鹿児島本線 福工大前 福岡市東区
43%
西武鉄道 新宿線 久米川 東村山市
43%
西武鉄道 国分寺線 鷹の台 小平市
43%
西武鉄道 多摩湖線 萩山 東村山市
43%
西武鉄道 拝島線 萩山 東村山市
43%
西武鉄道 多摩川線 新小金井 小金井市
43%
西武鉄道 多摩川線 白糸台 府中市
43%
東急電鉄 大井町線 下神明 品川区
43%
東急電鉄 大井町線 荏原町 品川区
43%
東急電鉄 大井町線 等々力 世田谷区
43%
東急電鉄 大井町線 上野毛 世田谷区
43%
東急電鉄 東急多摩川線 下丸子 大田区
43%
東急電鉄 東急多摩川線 武蔵新田 大田区
43%
東急電鉄 東急多摩川線 矢口渡 大田区
43%
東急電鉄 池上線 戸越銀座 品川区
43%
東急電鉄 池上線 荏原中延 品川区
43%
東急電鉄 池上線 御嶽山 大田区
43%
東急電鉄 池上線 久が原 大田区
43%
東急電鉄 世田谷線 西太子堂 世田谷区
43%
東急電鉄 世田谷線 上町 世田谷区
43%
京浜急行電鉄 空港線 大鳥居 大田区
43%
東京地下鉄 3号線銀座線 溜池山王 千代田区
43%
東京地下鉄 2号線日比谷線 入谷 台東区
43%
東京地下鉄 2号線日比谷線 小伝馬町 中央区
43%
東京地下鉄 2号線日比谷線 築地 中央区
43%
東京地下鉄 2号線日比谷線 広尾 港区
43%
東京地下鉄 7号線南北線 溜池山王 千代田区
43%
東京地下鉄 7号線南北線 王子神谷 北区
43%
東京地下鉄 13号線副都心線 雑司が谷 豊島区
43%
東京地下鉄 13号線副都心線 東新宿 新宿区
43%
東京地下鉄 13号線副都心線 北参道 渋谷区
43%
名古屋鉄道 瀬戸線 尾張旭 尾張旭市
43%
名古屋鉄道 各務原線 新鵜沼 各務原市
43%
名古屋鉄道 犬山線 新鵜沼 各務原市
43%
阪急電鉄 宝塚線 蛍池 豊中市
43%
埼玉新都市交通 伊奈線 鉄道博物館 さいたま市大宮区
43%
北総鉄道 北総線 印西牧の原 印西市
43%
東京都 1号線浅草線 西馬込 大田区
43%
東京都 1号線浅草線 馬込 大田区
43%
東京都 1号線浅草線 戸越 品川区
43%
東京都 1号線浅草線 三田 港区
43%
東京都 6号線三田線 三田 港区
43%
東京都 6号線三田線 芝公園 港区
43%
東京都 6号線三田線 板橋区役所前 板橋区
43%
東京都 6号線三田線 蓮根 板橋区
43%
東京都 10号線新宿線 岩本町 千代田区
43%
東京都 10号線新宿線 森下 江東区
43%
東京都 10号線新宿線 一之江 江戸川区
43%
東京都 10号線新宿線 瑞江 江戸川区
43%
東京都 10号線新宿線 篠崎 江戸川区
43%
東京都 12号線大江戸線 東新宿 新宿区
43%
東京都 12号線大江戸線 牛込柳町 新宿区
43%
東京都 12号線大江戸線 牛込神楽坂 新宿区
43%
東京都 12号線大江戸線 上野御徒町 台東区
43%
東京都 12号線大江戸線 新御徒町 台東区
43%
東京都 12号線大江戸線 森下 江東区
43%
東京都 12号線大江戸線 勝どき 中央区
43%
東京都 12号線大江戸線 汐留 港区
43%
東京都 12号線大江戸線 西新宿五丁目 新宿区
43%
東京都 荒川線 三ノ輪橋 荒川区
43%
東京都 荒川線 町屋駅前 荒川区
43%
東京都 荒川線 王子駅前 北区
43%
東京都 荒川線 新庚申塚 豊島区
43%
東京都 日暮里・舎人ライナー 西新井大師西 足立区
43%
東京都 日暮里・舎人ライナー 見沼代親水公園 足立区
43%
東京モノレール 東京モノレール羽田空港線 整備場 大田区
43%
東京モノレール 東京モノレール羽田空港線 昭和島 大田区
43%
東京モノレール 東京モノレール羽田空港線 流通センター 大田区
43%
ゆりかもめ 東京臨海新交通臨海線 汐留 港区
43%
ゆりかもめ 東京臨海新交通臨海線 竹芝 港区
43%
ゆりかもめ 東京臨海新交通臨海線 日の出 港区
43%
ゆりかもめ 東京臨海新交通臨海線 テレコムセンター 江東区
43%
ゆりかもめ 東京臨海新交通臨海線 東京ビッグサイト 江東区
43%
ゆりかもめ 東京臨海新交通臨海線 新豊洲 江東区
43%
東京臨海高速鉄道 臨海副都心線 国際展示場 江東区
43%
東京臨海高速鉄道 臨海副都心線 品川シーサイド 品川区
43%
多摩都市モノレール 多摩都市モノレール線 立川南 立川市
43%
多摩都市モノレール 多摩都市モノレール線 立川北 立川市
43%
多摩都市モノレール 多摩都市モノレール線 立飛 立川市
43%
多摩都市モノレール 多摩都市モノレール線 砂川七番 立川市
43%
多摩都市モノレール 多摩都市モノレール線 上北台 東大和市
43%
首都圏新都市鉄道 常磐新線 新御徒町 台東区
43%
首都圏新都市鉄道 常磐新線 六町 足立区
43%
首都圏新都市鉄道 常磐新線 柏の葉キャンパス 柏市
43%
首都圏新都市鉄道 常磐新線 つくば つくば市
43%
愛知環状鉄道 愛知環状鉄道線 瀬戸市 瀬戸市
43%
京都市 烏丸線 四条 京都市下京区
43%
大阪モノレール 大阪モノレール線 蛍池 豊中市
43%
沖縄都市モノレール 沖縄都市モノレール線 那覇空港 那覇市
43%
JR西日本 高山本線 西富山 富山市
36%
西武鉄道 多摩湖線 青梅街道 小平市
36%
東急電鉄 大井町線 戸越公園 品川区
36%
東急電鉄 大井町線 九品仏 世田谷区
36%
東急電鉄 東急多摩川線 沼部 大田区
36%
東急電鉄 東急多摩川線 鵜の木 大田区
36%
東急電鉄 池上線 蓮沼 大田区
36%
名古屋鉄道 三河線 猿投 豊田市
36%
名古屋鉄道 三河線 梅坪 豊田市
36%
名古屋鉄道 豊田線 梅坪 豊田市
36%
名古屋鉄道 瀬戸線 新瀬戸 瀬戸市
36%
名古屋鉄道 瀬戸線 瀬戸市役所前 瀬戸市
36%
名古屋鉄道 瀬戸線 尾張瀬戸 瀬戸市
36%
南海電気鉄道 高野線 堺東 堺市堺区
36%
阪急電鉄 千里線 吹田 吹田市
36%
東京都 1号線浅草線 大門 港区
36%
東京都 1号線浅草線 宝町 中央区
36%
東京都 1号線浅草線 東日本橋 中央区
36%
東京都 1号線浅草線 蔵前 台東区
36%
東京都 1号線浅草線 本所吾妻橋 墨田区
36%
東京都 6号線三田線 御成門 港区
36%
東京都 6号線三田線 内幸町 千代田区
36%
東京都 6号線三田線 千石 文京区
36%
東京都 6号線三田線 西巣鴨 豊島区
36%
東京都 6号線三田線 板橋本町 板橋区
36%
東京都 6号線三田線 志村坂上 板橋区
36%
東京都 6号線三田線 志村三丁目 板橋区
36%
東京都 6号線三田線 西台 板橋区
36%
東京都 10号線新宿線 浜町 中央区
36%
東京都 10号線新宿線 菊川 墨田区
36%
東京都 10号線新宿線 西大島 江東区
36%
東京都 10号線新宿線 大島 江東区
36%
東京都 10号線新宿線 東大島 江東区
36%
東京都 12号線大江戸線 新宿西口 新宿区
36%
東京都 12号線大江戸線 若松河田 新宿区
36%
東京都 12号線大江戸線 蔵前 台東区
36%
東京都 12号線大江戸線 築地市場 中央区
36%
東京都 12号線大江戸線 大門 港区
36%
東京都 12号線大江戸線 赤羽橋 港区
36%
東京都 12号線大江戸線 国立競技場 新宿区
36%
東京都 12号線大江戸線 落合南長崎 新宿区
36%
東京都 荒川線 荒川一中前 荒川区
36%
東京都 荒川線 小台 荒川区
36%
東京都 荒川線 荒川遊園地前 荒川区
36%
東京都 荒川線 飛鳥山 北区
36%
東京都 荒川線 庚申塚 豊島区
36%
東京都 荒川線 都電雑司ヶ谷 豊島区
36%
東京都 荒川線 学習院下 豊島区
36%
東京都 日暮里・舎人ライナー 赤土小学校前 荒川区
36%
東京都 日暮里・舎人ライナー 高野 足立区
36%
東京都 日暮里・舎人ライナー 舎人公園 足立区
36%
ゆりかもめ 東京臨海新交通臨海線 芝浦ふ頭 港区
36%
ゆりかもめ 東京臨海新交通臨海線 お台場海浜公園 港区
36%
ゆりかもめ 東京臨海新交通臨海線 台場 港区
36%
ゆりかもめ 東京臨海新交通臨海線 青海 江東区
36%
多摩都市モノレール 多摩都市モノレール線 大塚・帝京大学 八王子市
36%
多摩都市モノレール 多摩都市モノレール線 中央大学・明星大学 八王子市
36%
多摩都市モノレール 多摩都市モノレール線 柴崎体育館 立川市
36%
首都圏新都市鉄道 常磐新線 研究学園 つくば市
36%
横浜高速鉄道 みなとみらい21線 みなとみらい 横浜市西区
36%
横浜高速鉄道 みなとみらい21線 元町・中華街 横浜市中区
36%
愛知環状鉄道 愛知環状鉄道線 大門 岡崎市
36%
愛知環状鉄道 愛知環状鉄道線 新豊田 豊田市
36%
愛知環状鉄道 愛知環状鉄道線 八草 豊田市
36%
愛知環状鉄道 愛知環状鉄道線 瀬戸口 瀬戸市
36%
愛知高速交通 東部丘陵線 八草 豊田市
36%
京都市 烏丸線 烏丸御池 京都市中京区
36%
京都市 東西線 烏丸御池 京都市中京区
36%
大阪市高速電気軌道 1号線(御堂筋線) 心斎橋 大阪市中央区
36%
大阪市高速電気軌道 7号線(長堀鶴見緑地線) 心斎橋 大阪市中央区
36%
高松琴平電気鉄道 琴平線 瓦町 高松市
36%
高松琴平電気鉄道 志度線 瓦町 高松市
36%
高松琴平電気鉄道 長尾線 瓦町 高松市
36%
福岡市 1号線(空港線) 天神 福岡市中央区
36%
福岡市 1号線(空港線) 福岡空港 福岡市博多区
36%
鹿児島市 第二期線 鹿児島中央駅前 鹿児島市
36%
鹿児島市 唐湊線 鹿児島中央駅前 鹿児島市
36%
沖縄都市モノレール 沖縄都市モノレール線 赤嶺 那覇市
36%
JR北海道 室蘭本線 小幌 豊浦町
29%
JR東日本 陸羽東線 鳴子御殿湯 大崎市
29%
JR東日本 越後線 小針 新潟市西区
29%
JR東日本 成田線 安食 栄町
29%
東急電鉄 池上線 長原 大田区
29%
東急電鉄 池上線 石川台 大田区
29%
東急電鉄 池上線 千鳥町 大田区
29%
東急電鉄 世田谷線 山下 世田谷区
29%
相模鉄道 いずみ野線 緑園都市 横浜市泉区
29%
名古屋鉄道 瀬戸線 水野 瀬戸市
29%
京阪電気鉄道 中之島線 大江橋 大阪市北区
29%
仙台市 東西線 荒井 仙台市若林区
29%
秩父鉄道 秩父本線 行田市 行田市
29%
東京都 6号線三田線 本蓮沼 板橋区
29%
東京都 12号線大江戸線 新江古田 中野区
29%
東京都 荒川線 荒川二丁目 荒川区
29%
東京都 荒川線 東尾久三丁目 荒川区
29%
東京都 荒川線 熊野前 荒川区
29%
東京都 荒川線 梶原 北区
29%
東京都 荒川線 東池袋四丁目 豊島区
29%
東京都 荒川線 鬼子母神前 豊島区
29%
東京都 日暮里・舎人ライナー 熊野前 荒川区
29%
ゆりかもめ 東京臨海新交通臨海線 東京国際クルーズターミナル 江東区
29%
ゆりかもめ 東京臨海新交通臨海線 市場前 江東区
29%
多摩都市モノレール 多摩都市モノレール線 程久保 日野市
29%
多摩都市モノレール 多摩都市モノレール線 万願寺 日野市
29%
多摩都市モノレール 多摩都市モノレール線 甲州街道 日野市
29%
多摩都市モノレール 多摩都市モノレール線 桜街道 東大和市
29%
首都圏新都市鉄道 常磐新線 万博記念公園 つくば市
29%
IRいしかわ鉄道 IRいしかわ鉄道線 東金沢 金沢市
29%
愛知環状鉄道 愛知環状鉄道線 愛環梅坪 豊田市
29%
大阪市高速電気軌道 1号線(御堂筋線) 江坂 吹田市
29%
北大阪急行電鉄 南北線 江坂 吹田市
29%
大阪モノレール 大阪モノレール線 大阪空港 豊中市
29%
大阪モノレール 大阪モノレール線 万博記念公園 吹田市
29%
大阪モノレール 国際文化公園都市モノレール線 万博記念公園 吹田市
29%
神戸新交通 ポートアイランド線 神戸空港 神戸市中央区
29%
広島高速交通 広島新交通1号線 本通 広島市中区
29%
高松琴平電気鉄道 琴平線 高松築港 高松市
29%
沖縄都市モノレール 沖縄都市モノレール線 奥武山公園 那覇市
29%
沖縄都市モノレール 沖縄都市モノレール線 壺川 那覇市
29%
沖縄都市モノレール 沖縄都市モノレール線 旭橋 那覇市
29%
沖縄都市モノレール 沖縄都市モノレール線 牧志 那覇市
29%
JR東日本 吾妻線 岩島 東吾妻町
21%
JR四国 予讃線 伊予桜井 今治市
21%
東急電鉄 世田谷線 宮の坂 世田谷区
21%
名古屋鉄道 三河線 上挙母 豊田市
21%
名古屋鉄道 三河線 竹村 豊田市
21%
名古屋鉄道 豊田線 浄水 豊田市
21%
仙台市 南北線 広瀬通 仙台市青葉区
21%
仙台市 南北線 北四番丁 仙台市青葉区
21%
東葉高速鉄道 東葉高速線 村上 八千代市
21%
東京都 荒川線 荒川区役所前 荒川区
21%
東京都 荒川線 宮ノ前 荒川区
21%
東京都 荒川線 面影橋 新宿区
21%
東京都 日暮里・舎人ライナー 足立小台 足立区
21%
東京都 日暮里・舎人ライナー 江北 足立区
21%
首都圏新都市鉄道 常磐新線 みどりの つくば市
21%
名古屋市 2号線名城線及び名港線 久屋大通 名古屋市中区
21%
名古屋市 6号線桜通線 久屋大通 名古屋市中区
21%
愛知環状鉄道 愛知環状鉄道線 新上挙母 豊田市
21%
愛知環状鉄道 愛知環状鉄道線 中水野 瀬戸市
21%
大阪市高速電気軌道 5号線(千日前線) 西長堀 大阪市西区
21%
大阪市高速電気軌道 7号線(長堀鶴見緑地線) 西長堀 大阪市西区
21%
大阪市高速電気軌道 7号線(長堀鶴見緑地線) 門真南 門真市
21%
沖縄都市モノレール 沖縄都市モノレール線 小禄 那覇市
21%
沖縄都市モノレール 沖縄都市モノレール線 美栄橋 那覇市
21%
沖縄都市モノレール 沖縄都市モノレール線 安里 那覇市
21%
沖縄都市モノレール 沖縄都市モノレール線 古島 那覇市
21%
札幌市 東西線 西11丁目 札幌市中央区
21%
JR九州 指宿枕崎線 石垣 南九州市
14%
名古屋鉄道 三河線 土橋 豊田市
14%
札幌市 東豊線 環状通東 札幌市東区
14%
上信電鉄 上信線 東富岡 富岡市
14%
東京都 荒川線 荒川七丁目 荒川区
14%
東京都 荒川線 町屋二丁目 荒川区
14%
東京都 日暮里・舎人ライナー 扇大橋 足立区
14%
多摩都市モノレール 多摩都市モノレール線 松が谷 八王子市
14%
横浜市 4号線 日吉本町 横浜市港北区
14%
しなの鉄道 しなの鉄道線 田中 東御市
14%
大井川鐵道 井川線 奥大井湖上 川根本町
14%
名古屋市 1号線東山線 池下 名古屋市千種区
14%
愛知環状鉄道 愛知環状鉄道線 保見 豊田市
14%
東京都 荒川線 滝野川一丁目 北区
7%
東京都 荒川線 巣鴨新田 豊島区
7%
東京都 荒川線 向原 豊島区
7%
東京都 日暮里・舎人ライナー 谷在家 足立区
7%
高尾登山電鉄 高尾鋼索線 清滝 八王子市
7%
御岳登山鉄道 御岳山 青梅市
7%
多摩都市モノレール 多摩都市モノレール線 泉体育館 立川市
7%
広島電鉄 宮島線 廿日市市役所前 廿日市市
7%
伊予鉄道 高浜線 山西 松山市
7%
とさでん交通 伊野線 高知城前 高知市
7%
鹿児島市 第一期線 いづろ通 鹿児島市
7%
新京成電鉄 新京成線 五香 松戸市
0%
東京都 荒川線 西ヶ原四丁目 北区
0%
富山地方鉄道 上滝線 小杉 富山市
0%
山陽電気鉄道 本線 大塩 姫路市
0%
No matching quizzes found
Score Distribution
Percent of People with Each Score
Percentile by Number Answered
Your Score History
You have not taken this quiz